000 00874nam a2200229Ia 4500
003 IN-BaIIA
008 211028s9999 xx 000 0 eng d
020 _a3-540-06066-9
040 _cIIA Library
080 _a52-37
_bORI
111 _aConference on Origins of Life
_n4th
_cElkridge, Maryland
_d1971 Apr. 13-16
_97670
245 0 _aChemistry and radioastronomy
_bproceedings of the fourth conference on Origins of Life held in Elkridge, Maryland, April 13-16, 1971
_cedited by Lynn Margulis
260 _aBerlin
_bSpringer-Verlag
_c1973
300 _axvi, 291p.
650 _aAstronomy and astrophysics thesaurus
650 _aExtraterrestrial life
_94250
650 _aOrigin
_95840
650 _aRadio astronomy
_92849
700 _aMargulis, Lynn., ed.
_97671
710 _aInterdisciplinary Communications Program of the Smithsonian Institution
_97672
942 _cBK
999 _c4376
_d4376